书目信息 |
| 题名: |
干粉砂浆应用指南
|
|
| 作者: | 赵四渝 , 徐洛屹 , 傅德海 主编 | |
| 分册: | ||
| 出版信息: | 北京 中国建材工业出版社 2006.04 |
|
| 页数: | 302页 | |
| 开本: | 21cm | |
| 丛书名: | ||
| 单 册: | ||
| 中图分类: | TU57 | |
| 科图分类: | ||
| 主题词: | 砂浆--sha jiang--干粉--应用--指南 | |
| 电子资源: | ||
| ISBN: | 7-80227-045-6 | |
| 000 | 00948nam0 2200241 450 | |
| 001 | 012006807511 | |
| 005 | 20060906095355.31 | |
| 010 | @a7-80227-045-6@dCNY25.00 | |
| 100 | @a20060610d2006 km y0chiy0120 ea | |
| 101 | 0 | @achi |
| 102 | @aCN@b110000 | |
| 105 | @ay z 000yy | |
| 200 | 1 | @a干粉砂浆应用指南@Agan fen sha jiang ying yong zhi nan@f傅德海, 赵四渝, 徐洛屹主编@Ffu de hai,zhao si yu,xu luo yi zhu bian |
| 210 | @a北京@c中国建材工业出版社@d2006.04 | |
| 215 | @a302页@d21cm | |
| 330 | @a本书主要包括干粉砂浆的发展概况,干粉砂浆产品,无机粘结剂、填料及集料,干粉砂浆添加剂等以及干粉砂浆原料、配制原理、生产工艺、特性以及应用等内容。书后还附录有关标准。全书内容丰富,资料翔实,具有可读性. | |
| 606 | 0 | @a砂浆@Asha jiang@x干粉@x应用@j指南 |
| 690 | @aTU57@v4 | |
| 701 | 0 | @a赵四渝@Azhao si yu@4主编 |
| 701 | 0 | @a徐洛屹@Axu luo yi@4主编 |
| 701 | 0 | @a傅德海@Afu de hai@4主编 |
| 801 | 0 | @aCN@bQSSK@c20060906 |
| 905 | @a10447@dTU57@eF912 | |
| 干粉砂浆应用指南/傅德海, 赵四渝, 徐洛屹主编.-北京:中国建材工业出版社,2006.04 |
| 302页;21cm |
| ISBN 7-80227-045-6:CNY25.00 |
| 本书主要包括干粉砂浆的发展概况,干粉砂浆产品,无机粘结剂、填料及集料,干粉砂浆添加剂等以及干粉砂浆原料、配制原理、生产工艺、特性以及应用等内容。书后还附录有关标准。全书内容丰富,资料翔实,具有可读性. |
| ● |
| 相关链接 |
|
|
|
正题名:干粉砂浆应用指南
索取号:TU57/F912
 
预约/预借
| 序号 | 登录号 | 条形码 | 馆藏地/架位号 | 状态 | 备注 |
| 1 | 583618 | 205836185 | 建筑库201/201建筑库 11排2列3层/ [索取号:TU57/F912] | 在馆 | |
| 2 | 583619 | 205836194 | 建筑库201/201建筑库 11排2列3层/ [索取号:TU57/F912] | 在馆 | |
| 3 | 583620 | 205836201 | 建筑库201/201建筑库 11排2列3层/ [索取号:TU57/F912] | 在馆 |